Southville International School and Colleges
Your cart is empty.
  • Cart
  • Lists
    Public lists Eva Luna New books Lux_list list_1
    Your lists Log in to create your own lists
  • Log in to your account
  • Your cookies
  • Search history
Southville International School and Colleges
  • Advanced search
  • Recent comments
  • Most popular
  • Libraries

Log in to your account

Log in with GOOGLE


If you do not have an external account, but do have a local account, you can still log in:

  1. Home
  2. MARC view: Fundamentals of accounting /
Normal view MARC view ISBD view

Fundamentals of accounting / (Record no. 335212)

[ view plain ]
MARC details
000 -LEADER
fixed length control field 00520nam a22001817a 4500
003 - CONTROL NUMBER IDENTIFIER
control field SISC
005 - DATE AND TIME OF LATEST TRANSACTION
control field 20170606160016.0
008 - FIXED-LENGTH DATA ELEMENTS--GENERAL INFORMATION
fixed length control field 130831t xxu||||| |||| 00| 0 eng d
020 ## - INTERNATIONAL STANDARD BOOK NUMBER
International Standard Book Number 9789719676119
050 ## - LIBRARY OF CONGRESS CALL NUMBER
Classification number HF 5635
Item number .T917 2015
082 ## - DEWEY DECIMAL CLASSIFICATION NUMBER
Classification number HS 652
Item number On3 2006
100 ## - MAIN ENTRY--PERSONAL NAME
Personal name Tulio, Peter O.
245 ## - TITLE STATEMENT
Title Fundamentals of accounting /
Statement of responsibility, etc Peter O. Tulio (and 5 others).
260 ## - PUBLICATION, DISTRIBUTION, ETC. (IMPRINT)
Place of publication, distribution, etc Malabon City :
Name of publisher, distributor, etc Jimczyville Publications,,
Date of publication, distribution, etc 2015.
300 ## - PHYSICAL DESCRIPTION
Extent viii, 418 pages ;
Dimensions 18 cm.
942 ## - ADDED ENTRY ELEMENTS (KOHA)
Source of classification or shelving scheme Library of Congress Classification
Koha item type Books
Holdings
Withdrawn status Lost status Source of classification or shelving scheme Damaged status Home library Current library Shelving location Date acquired Source of acquisition Sub Shelving location Total Checkouts Total Renewals Full call number Barcode Date last seen Date checked out Price effective from Koha item type
    Library of Congress Classification   College Library College Library Filipiniana Section 06/06/2017 Library Fund   8 55 HF 5635 .T917 2015 C20931 06/22/2023 06/15/2023 06/06/2017 Books

Fundamentals of accounting /

APA

Tulio P. O., . (2015). Fundamentals of accounting. Malabon City: Jimczyville Publications.

Chicago

Tulio Peter O, . 2015. Fundamentals of accounting. Malabon City: Jimczyville Publications.

Harvard

Tulio P. O., . (2015). Fundamentals of accounting. Malabon City: Jimczyville Publications.

MLA

Tulio Peter O, . Fundamentals of accounting. Malabon City: Jimczyville Publications. 2015.

  • Place hold
  • Print
  • Cite
  • Add to your cart (remove)
  • Save record
    BIBTEX Dublin Core MARCXML MARC (non-Unicode/MARC-8) MARC (Unicode/UTF-8) MARC (Unicode/UTF-8, Standard) MODS (XML) RIS
  • More searches
    Search for this title in:
    Other Libraries (WorldCat) Other Databases (Google Scholar) Online Stores (Bookfinder.com) Open Library (openlibrary.org)

Exporting to Dublin Core...

SOUTHVILLE LIBRARY

Southville International School and Colleges Library

1281 Tropical Ave. Cor. Luxembourg St., BF Homes International, Las Pinas City

Tel. No. 8256374 / 252358 Loc. 117/146

Powered by Koha